| 000 | 00469nam a2200181Ia 4500 | ||
|---|---|---|---|
| 008 | 240925s9999 xx 000 0 und d | ||
| 020 | _a9788131725689 | ||
| 082 | _a658.3 MON | ||
| 100 | _aMondy, R. Wayne | ||
| 245 | 0 | _aHuman Resource Management | |
| 250 | _a10th | ||
| 260 |
_aNew Delhi: _bPearson Printice Hall _c,2009. |
||
| 300 |
_a981p. _bNA _fOriginal |
||
| 500 | _aIncludes Index | ||
| 600 | _aEngineering Technology | ||
| 650 | _aManagement | ||
| 942 | _cBK | ||
| 999 |
_c15298 _d15298 |
||